The persistent effects of initial labor market conditions for young adults and their sources (Record no. 517529)

000 -LEADER
fixed length control field 01396nam a22001457a 4500
008 - FIXED-LENGTH DATA ELEMENTS--GENERAL INFORMATION
fixed length control field 210719b ||||| |||| 00| 0 eng d
100 ## - MAIN ENTRY--PERSONAL NAME
Personal name Wachter, Till Von
245 ## - TITLE STATEMENT
Title The persistent effects of initial labor market conditions for young adults and their sources
260 ## - PUBLICATION, DISTRIBUTION, ETC. (IMPRINT)
Place of publication, distribution, etc The Journal of Economic Perspectives
300 ## - PHYSICAL DESCRIPTION
Extent 34(4), Fall, 2020: p.168-194
520 ## - SUMMARY, ETC.
Summary, etc Unlucky young workers entering the labor market in recessions suffer a range of medium- to long-term consequences. This paper summarizes the findings of the growing empirical literature on this subject and uses it to assess economic models of career development. The literature finds large initial effects on earnings, labor supply, and wages that tend to fade after ten to fifteen years in the labor market, and that are accompanied by changes in occupation, job mobility, and employer characteristics. Adverse initial labor market entry also has persistent effects on a range of social outcomes, including timing and completed fertility, marriage and divorce, criminal activities, attitudes, and risky alcohol consumption. There is also evidence that early exposure to depressed labor market lowers health and raises mortality in middle age, patterns accompanied by a reopening of earnings gaps. – Reproduced

773 ## - HOST ITEM ENTRY
Main entry heading The Journal of Economic Perspectives
906 ## - LOCAL DATA ELEMENT F, LDF (RLIN)
Subject DIP LABOUR MARKET
942 ## - ADDED ENTRY ELEMENTS (KOHA)
Item type Articles
Holdings
Withdrawn status Lost status Source of classification or shelving scheme Damaged status Not for loan Permanent location Current location Date acquired Serial Enumeration / chronology Barcode Date last seen Koha item type
          Indian Institute of Public Administration Indian Institute of Public Administration 2021-07-19 34(4), Fall, 2020: p.168-194 AR124808 2021-07-19 Articles

Powered by Koha